Homo loquens. Вып. 18: Материалы IV Международной заочной научно-практической конференции "Инновации в теории, методике и дидактике перевода" (очная сессия 23.04.2025 г.) (Запись № 13551141)

Подробности
000 -МАРКЕР
контрольное поле 02167nam2a2200337 4500
001 - ИДЕНТИФИКАТОР ЗАПИСИ
контрольное поле RU\NLR\PER_A\003154084_000290
005 - ИДЕНТИФИКАТОР ВЕРСИИ
контрольное поле 20260409071536.0
010 ## - МЕЖДУНАРОДНЫЙ СТАНДАРТНЫЙ НОМЕР КНИГИ (ISBN)
Номер (ISBN) 978-5-9669-2467-6
Тираж 25
035 ## - ДРУГИЕ СИСТЕМНЫЕ НОМЕРА
Идентификатор записи (NLR Aleph) 022723340
100 ## - ДАННЫЕ ОБЩЕЙ ОБРАБОТКИ
Данные общей обработки 20260209d2025 u y0rusy50 ca
101 0# - ЯЗЫК РЕСУРСА
Язык текста, звукозаписи и т.д. русский
Язык резюме английский
102 ## - СТРАНА ПУБЛИКАЦИИ ИЛИ ПРОИЗВОДСТВА
Страна публикации Российская Федерация
200 1# - ЗАГЛАВИЕ И СВЕДЕНИЯ ОБ ОТВЕТСТВЕННОСТИ
Основное заглавие Материалы IV Международной заочной научно-практической конференции "Инновации в теории, методике и дидактике перевода" (очная сессия 23.04.2025 г.)
210 ## - ПУБЛИКАЦИЯ, РАСПРОСТРАНЕНИЕ И ДР.
Дата издания, распространения и т.д. 2025
215 ## - ФИЗИЧЕСКАЯ ХАРАКТЕРИСТИКА
Специфическое обозначение материала и объем 230 с.
Другие сведения о физической характеристике ил.
Размеры 20
300 ## - ОБЩИЕ ПРИМЕЧАНИЯ
Текст примечания Рез. на англ. яз.
320 ## - ПРИМЕЧАНИЯ О НАЛИЧИИ В ДОКУМЕНТЕ БИБЛИОГРАФИИ / УКАЗАТЕЛЯ
Текст примечания Библиогр. в конце ст.
461 #0 - УРОВЕНЬ НАБОРА
Встроенное поле 001RU\NLR\INFOCOMM9\5000117245
-- 2001#$aHomo loquens$e(Вопросы лингвистики и транслятологии)$eСб. науч. ст.$fВолгогр. гос. ун-т. Каф. теории и практики пер.$vВып. 18
Системный номер (АБИС) связанной записи 3032039
Место публикации Волгоград
Дата публикации 2003 -
Первые сведения об ответственности Волгогр. гос. ун-т. Каф. теории и практики пер.
Имя издателя, распространителя и т.д. Изд-во Волгогр. гос. ун-та
Сведения, относящиеся к заглавию (Вопросы лингвистики и транслятологии) : Сб. науч. ст.
Заглавие Homo loquens
Номер тома Вып. 18
606 ## - НАИМЕНОВАНИЕ ТЕМЫ КАК ПРЕДМЕТ
Наименование темы Перевод (лингв.)
Формальный подзаголовок Съезды, совещания и т.п
Системный номер авторитетной/нормативной записи 1594424
Идентификатор авторитетной/нормативной записи RU\NLR\AUTH\66701106
606 1# - НАИМЕНОВАНИЕ ТЕМЫ КАК ПРЕДМЕТ
Наименование темы Автоматический перевод
Формальный подзаголовок Съезды, совещания и т.п
Системный номер авторитетной/нормативной записи 1134476
Идентификатор авторитетной/нормативной записи RU\NLR\AUTH\66131858
606 1# - НАИМЕНОВАНИЕ ТЕМЫ КАК ПРЕДМЕТ
Наименование темы Межкультурная коммуникация
Формальный подзаголовок Съезды, совещания и т.п
Системный номер авторитетной/нормативной записи 2368045
Идентификатор авторитетной/нормативной записи RU\NLR\AUTH\661413599
686 1# - ИНДЕКСЫ ДРУГИХ КЛАССИФИКАЦИЙ
Индекс Ш107.7я431
686 1# - ИНДЕКСЫ ДРУГИХ КЛАССИФИКАЦИЙ
Индекс Ш111.12я431
686 1# - ИНДЕКСЫ ДРУГИХ КЛАССИФИКАЦИЙ
Индекс Ш100.33я431
710 12 - НАИМЕНОВАНИЕ ОРГАНИЗАЦИИ - ПЕРВИЧНАЯ ОТВЕТСТВЕННОСТЬ
Начальный элемент ввода "Инновации в теории, методике и дидактике перевода", международная заочная научно-практическая конференция
Порядковый номер временной организации и / или порядковый номер ее части 4
Место проведения временной организации Волгоград
Дата проведения временной организации 2025
Системный номер авторитетной/нормативной записи 2696492
Идентификатор авторитетной/нормативной записи RU\NLR\AUTH\880638487
852 ## - МЕСТОНАХОЖДЕНИЕ И ШИФР ХРАНЕНИЯ
Идентификатор организации NLR
Шифр хранения (Call Number) П34/1621
942 ## - ДОПОЛНИТЕЛЬНЫЕ ЭЛЕМЕНТЫ ЗАПИСИ (АБИС)
Тип экземпляра АБИС Неопределено
980 ## - КОЛЛЕКЦИЯ
Название коллекции Русская периодика
980 ## - КОЛЛЕКЦИЯ
Название коллекции Национальная библиография

Нет доступных экземпляров.